<?xml version="1.0" encoding="UTF-8"?>
<record
    xmlns:xsi="http://www.w3.org/2001/XMLSchema-instance"
    xsi:schemaLocation="http://www.loc.gov/MARC21/slim http://www.loc.gov/standards/marcxml/schema/MARC21slim.xsd"
    xmlns="http://www.loc.gov/MARC21/slim">

  <leader>01183nam a22002657a 4500</leader>
  <controlfield tag="005">20170124103216.0</controlfield>
  <datafield tag="010" ind1=" " ind2=" ">
    <subfield code="a">B-032607</subfield>
  </datafield>
  <datafield tag="020" ind1=" " ind2=" ">
    <subfield code="c">295.00</subfield>
    <subfield code="a">8170557232</subfield>
  </datafield>
  <datafield tag="035" ind1=" " ind2=" ">
    <subfield code="a">B-032607</subfield>
  </datafield>
  <datafield tag="037" ind1=" " ind2=" ">
    <subfield code="b">Cen Lib/Ret</subfield>
  </datafield>
  <datafield tag="040" ind1=" " ind2=" ">
    <subfield code="a">DPL</subfield>
    <subfield code="b">HN</subfield>
  </datafield>
  <datafield tag="082" ind1=" " ind2=" ">
    <subfield code="a">004.21</subfield>
    <subfield code="b">&#x92C;&#x902;&#x938;&#x932; </subfield>
  </datafield>
  <datafield tag="100" ind1=" " ind2=" ">
    <subfield code="a">&#x92C;&#x902;&#x938;&#x932;, &#x930;&#x93E;&#x92E; </subfield>
    <subfield code="9">98954</subfield>
  </datafield>
  <datafield tag="245" ind1=" " ind2=" ">
    <subfield code="a">&#x915;&#x92E;&#x94D;&#x92A;&#x94D;&#x92F;&#x942;&#x91F;&#x930;&#x940; &#x938;&#x942;&#x91A;&#x928;&#x93E; &#x92A;&#x94D;&#x930;&#x923;&#x93E;&#x932;&#x940; &#x935;&#x93F;&#x915;&#x93E;&#x938; /</subfield>
    <subfield code="c">&#x930;&#x93E;&#x92E; &#x92C;&#x902;&#x938;&#x932; </subfield>
  </datafield>
  <datafield tag="246" ind1=" " ind2=" ">
    <subfield code="a">Computari soochana pranali vikas /</subfield>
    <subfield code="b">by Ram Bansal</subfield>
  </datafield>
  <datafield tag="260" ind1=" " ind2=" ">
    <subfield code="a">&#x928;&#x92F;&#x940; &#x926;&#x93F;&#x932;&#x94D;&#x932;&#x940; </subfield>
    <subfield code="b">&#x935;&#x93E;&#x923;&#x940; &#x92A;&#x94D;&#x930;&#x915;&#x93E;&#x936;&#x928; </subfield>
    <subfield code="c">2000</subfield>
  </datafield>
  <datafield tag="270" ind1=" " ind2=" ">
    <subfield code="b">&#x928;&#x92F;&#x940; &#x926;&#x93F;&#x932;&#x94D;&#x932;&#x940; </subfield>
    <subfield code="a">21-&#x90F;, &#x926;&#x930;&#x93F;&#x92F;&#x93E;&#x917;&#x902;&#x91C; </subfield>
    <subfield code="e">110002 </subfield>
  </datafield>
  <datafield tag="300" ind1=" " ind2=" ">
    <subfield code="a">xvii,284&#x92A;&#x943;. </subfield>
    <subfield code="c">20&#x938;&#x947;&#x92E;&#x940;(&#x938;&#x91C;&#x93F;&#x932;&#x94D;&#x926; ) </subfield>
  </datafield>
  <datafield tag="500" ind1=" " ind2=" ">
    <subfield code="a">&#x905;&#x928;&#x941;&#x915;&#x94D;&#x930;&#x92E;&#x93E;&#x923;&#x93F;&#x915;&#x93E; &#x936;&#x93E;&#x92E;&#x93F;&#x932; </subfield>
  </datafield>
  <datafield tag="650" ind1=" " ind2=" ">
    <subfield code="a">&#x915;&#x902;&#x92A;&#x94D;&#x92F;&#x942;&#x91F;&#x930; &#x935;&#x93F;&#x91C;&#x94D;&#x91E;&#x93E;&#x928; </subfield>
    <subfield code="x"> </subfield>
    <subfield code="z"> </subfield>
    <subfield code="9">98955</subfield>
  </datafield>
  <datafield tag="650" ind1=" " ind2=" ">
    <subfield code="a">&#x915;&#x902;&#x92A;&#x94D;&#x92F;&#x942;&#x91F;&#x930; &#x935;&#x93F;&#x91C;&#x94D;&#x91E;&#x93E;&#x928; -- &#x938;&#x942;&#x91A;&#x928;&#x93E; &#x92A;&#x94D;&#x930;&#x923;&#x93E;&#x932;&#x940; </subfield>
    <subfield code="9">96906</subfield>
  </datafield>
  <datafield tag="650" ind1=" " ind2=" ">
    <subfield code="a">Computer Science </subfield>
    <subfield code="9">98956</subfield>
  </datafield>
  <datafield tag="650" ind1=" " ind2=" ">
    <subfield code="a">Computer Science - Information Systems</subfield>
    <subfield code="9">98957</subfield>
  </datafield>
  <datafield tag="942" ind1=" " ind2=" ">
    <subfield code="2">ddc</subfield>
    <subfield code="c">HN</subfield>
    <subfield code="h">004.21</subfield>
    <subfield code="m">&#x92C;&#x902;&#x938;&#x932; </subfield>
  </datafield>
  <datafield tag="999" ind1=" " ind2=" ">
    <subfield code="c">121509</subfield>
    <subfield code="d">121509</subfield>
  </datafield>
  <datafield tag="952" ind1=" " ind2=" ">
    <subfield code="0">0</subfield>
    <subfield code="1">0</subfield>
    <subfield code="4">0</subfield>
    <subfield code="7">0</subfield>
    <subfield code="a">L</subfield>
    <subfield code="b">L</subfield>
    <subfield code="d">2015-10-08</subfield>
    <subfield code="e">Cen Lib/Ref</subfield>
    <subfield code="g">295.00</subfield>
    <subfield code="l">0</subfield>
    <subfield code="o">004.21 &#x92C;&#x902;&#x938;&#x932;</subfield>
    <subfield code="p">B-032607</subfield>
    <subfield code="r">2015-10-08 00:00:00</subfield>
    <subfield code="t">1</subfield>
    <subfield code="v">295.00</subfield>
    <subfield code="w">2015-10-08</subfield>
    <subfield code="y">HN</subfield>
  </datafield>
</record>
